LEADER 00774nam a2200205 4500 001 000000356895 003 CaOOAMICUS 005 20240123114509.0 008 240123s1873 it 000 u ita r 040 $aSeMil$bita 245 00$a2. tomo. 250 $a2. ed. riv. e corretta 264 1$aRoma :$bCarlo Voghera,$c1873. 300 $a448 p. :$bill. ;$c17 cm 773 0 $aItalia : Ministero della guerra$tRegolamento di esercizi e di evoluzioni per la cavalleria.$dRoma : Carlo Voghera, 1873-$g2$w()356893 850 $aSeMil 852 $aSeMil$W1$xVenegono$y1$m1S I 44 FA$j245563$B248086$CSeMilBibl$Z2$F248086 $8I 996 $6245$a2. tomo$9(OLS)http://semarc/title/169694 996 $6264$aRoma :$bCarlo Voghera$9(OLS)http://semarc/publisher/56031 LEADER 00791nam a2200205 i 4500 001 000000206976 003 CaOOAMICUS 005 20111018000000.0 008 111018s1884 it u000 u ita u 013 $a185750 040 $aSeMil$bita 100 1 $aPellico, Silvio,$d<1789-1854>.$0(OLS)http://semarc/name/11420 245 10$aEpistolario /$cdi Silvio Pellico. 260 $aMilano :$bFrancesco Pagnoni,$c1884. 300 $a182 p. ;$c26 cm. 650 4$aPellico, Silvio <1789-1854> - Lettere e carteggi.$0(OLS)http://semarc/subject/15377 850 $aSeMil 852 $aSeMil$W1$xVenegono$y1$m1L VII 10 FA$j157439$B157439$CSeMilBibl$Z2$F168726 $8I 996 $6245$aEpistolario$9(OLS)http://semarc/title/1211 996 $6260$aMilano :$bFrancesco Pagnoni$9(OLS)http://semarc/publisher/29930